000 00478nam a2200181Ia 4500
008 180921t xxu||||| |||| 00| 0 sin d
041 _asin
080 _a616.314
_bNAN
100 _aNanayakkara, B. Ganananda
245 _aමුඛ සෞඛ්‍යය
246 _aOral health
260 _bKyoto asia friendship association
300 _a20 ill., 20 cm
650 _aTeeth
_aDental diseases
942 _cBK
999 _c15563
_d15563
003 LK-CoDNM
040 _aLK-CoDNM
_dLK-CoDNM
_eLK-CoDNM